header

Trends in cognitive sciences (Record no. 35326)

MARC details
000 -LEADER
fixed length control field 01290nam a2200349Ia 4500
082 04 - DEWEY DECIMAL CLASSIFICATION NUMBER
Classification number 153
245 00 - TITLE STATEMENT
Title Trends in cognitive sciences
260 ## - PUBLICATION, DISTRIBUTION, ETC. (IMPRINT)
Place of publication New York :
Name of publisher Nova Science Publishers,
Year of publication c2012.
300 ## - PHYSICAL DESCRIPTION
Number of Pages xi, 249 p. :
Other physical details ill.
490 1# - SERIES STATEMENT
Series statement Psychology research progress
650 #0 - SUBJECT ADDED ENTRY--TOPICAL TERM
Topical Term Cognitive science.
Topical Term Cognition.
700 1# - ADDED ENTRY--PERSONAL NAME
Personal name Sun, Miao-Kun.
856 40 - ELECTRONIC LOCATION AND ACCESS
Uniform Resource Identifier http://site.ebrary.com/lib/rucke/Doc?id=10740751

No items available.

© 2026 Rongo University
Contact us: librarian | system librarian | Rongo university